| 000 | 01209nam0a22002651 4500 | ||
|---|---|---|---|
| 001 | rc\2934493 | ||
| 005 | 20260407074547.0 | ||
| 035 | _a(NLR Aleph) 007083709 | ||
| 090 |
_a6502955 _c6502955 |
||
| 100 | _a20110822d1937 |||y0rusy50 ca | ||
| 101 | 0 | _arus | |
| 102 | _aRU | ||
| 105 | _ay z ||||| | ||
| 200 | 1 |
_aВыставка "Арабские рукописи" Института востоковедения Академии наук СССР _e[Проспект] _fИн-т востоковедения Акад. наук СССР. 2 сессия Ассоц. арабистов. 19-23 окт. 1937 г. |
|
| 210 |
_aЛенинград _cИзд-во Акад. наук СССР _d[1937] _gтип. Акад. наук СССР |
||
| 215 |
_a4 с. _d22х14 см |
||
| 710 | 0 | 2 |
_aИнститут востоковедения _b"Арабские рукописи", выставка _cЛенинград _f1937 |
| 712 | 0 | 2 |
_4570 _aАссоциация арабистов _bСессия _d2 _eЛенинград _f1937 _9576102 _3RU\NLR\AUTH\8810038613 |
| 801 | 0 |
_aRU _bNLR _gpsbo |
|
| 801 | 1 |
_aRU _bELAR _2rusmarc |
|
| 852 |
_aNLR _j37-10/4680 |
||
| 852 |
_aNLR _jКрI/1833 |
||
| 942 | _cBOOK | ||
| 980 | _aNB | ||